000 00567nam a22001697a 4500
999 _c14708
_d14708
003 AR-CdUCM
008 190424b ||||| |||| 00| 0 spa d
040 _aMUNICIPALIDAD PROVINCIAL DEL CUSCO
_cBIBLIOTECA MUNICIPAL DEL CUSCO
082 _aC / 050 /
_bQ99
245 _aQoyllur :
_borgano de prensa de los trabajadores de la policia municipal y limpieza publica /
260 _aCusco :
_bQoyllur,
_c1985.
300 _a11 páginas ;
_c21 cm.
440 _aQoyllur
_n1
_933574
505 _aPolicía municipal -- Limpieza publica...
942 _2ddc
_cPP
945 _awfj